[Event "Mechanics' Whitehead TNM; 30/90, SD/30"]
[Site "San Francisco"]
[Date "2014.08.19"]
[Round "3.3"]
[White "Askin, David"]
[Black "Byambaa, Uyanga"]
[Result "0-1"]
[WhiteElo "2007"]
[BlackElo "2171"]
[PlyCount "74"]
[EventDate "2014.??.??"]

1. d4 Nf6 2. Nf3 g6 3. Bf4 Bg7 4. e3 O-O 5. h3 d6 6. Be2 c5 7. c3 Be6 8. O-O
Qb6 9. Qc1 Nc6 10. Nbd2 cxd4 11. exd4 Rac8 12. Re1 d5 13. Nb3 Nd7 14. Bd3 a5
15. Bh6 a4 16. Bxg7 Kxg7 17. Nbd2 Nf6 18. a3 Nh5 19. Nf1 Na5 20. Rb1 Qd6 21.
Qe3 Nf4 22. Bb5 Nc4 23. Bxc4 dxc4 24. Ne5 Nd5 25. Qd2 f6 26. Nf3 Nf4 27. Qe3
Rce8 28. Ng3 Bd5 29. Ne4 Qc7 30. Rbd1 b6 31. Ng3 e6 32. Ne2 Nd3 33. Rxd3 cxd3
34. Nf4 Bxf3 35. Qxf3 d2 36. Re4 e5 37. Nd3 exd4 0-1

[Event "Mechanics' Whitehead TNM; 30/90, SD/30"]
[Site "San Francisco"]
[Date "2014.08.12"]
[Round "2.10"]
[White "Askin, David"]
[Black "Chalissery, Jossy"]
[Result "1-0"]
[WhiteElo "2007"]
[BlackElo "1716"]
[Annotator "Winslow,Elliott C"]
[PlyCount "67"]
[EventDate "2014.??.??"]

1. d4 Nf6 2. Nf3 g6 3. Bf4 Bg7 4. e3 d5 5. h3 O-O 6. Be2 Nbd7 7. O-O Ne4 8.
Nbd2 Ndf6 9. c4 e6 10. Rc1 c6 11. cxd5 exd5 12. b4 b5 $4 13. Rxc6 (13. Ne5 $1 {
is even better!}) 13... Bb7 $2 (13... a5) 14. Rc7 Ba6 15. a4 $6 (15. Qc1) 15...
Ne8 $6 (15... Nh5 16. Bh2 Nhg3 $5 17. Nxe4 Nxf1 18. Qxf1 dxe4 19. Nd2 $16) 16.
Rc1 N8d6 17. Nxe4 dxe4 18. Nd2 (18. Rc6 $1 exf3 19. Bxf3) 18... Re8 $2 19. Rc6
Qh4 20. Rxd6 Bb7 21. Bxb5 Red8 22. Rxd8+ Rxd8 23. Bg3 Qe7 24. Qb3 a6 25. Be2
Bd5 26. Bc4 Bb7 27. Rc1 Rc8 28. Qb1 h5 29. b5 h4 30. Bh2 Bxd4 31. exd4 e3 32.
Qxg6+ Kf8 33. Qh6+ Ke8 34. Qxe3 1-0

[Event "Mechanics' Whitehead TNM; 30/90, SD/30"]
[Site "San Francisco"]
[Date "2014.09.02"]
[Round "5.17"]
[White "Askin, David"]
[Black "Handler, Andrew"]
[Result "1/2-1/2"]
[WhiteElo "2007"]
[BlackElo "1652"]
[PlyCount "76"]
[EventDate "2014.??.??"]

1. d4 e6 2. c4 f5 3. Nf3 Nf6 4. g3 Bb4+ 5. Bd2 Qe7 6. Bg2 O-O 7. O-O Nc6 8. Bg5
h6 9. Bxf6 Qxf6 10. a3 Be7 11. Nc3 d6 12. d5 Ne5 13. dxe6 c6 14. Nxe5 dxe5 15.
Qc2 Bxe6 16. b3 Rae8 17. Rfd1 Bc5 18. e3 Rd8 19. b4 Bb6 20. c5 Bc7 21. Na4 Qf7
22. Rxd8 Rxd8 23. Nb2 e4 24. Bf1 Be5 25. Rd1 Rxd1 26. Nxd1 Bb3 27. Qc1 Bxd1 28.
Qxd1 Qd5 29. Qc2 Qd7 30. Bc4+ Kh7 31. Ba2 Bf6 32. Qc4 Kg6 33. h4 Be5 34. Qg8
Qd1+ 35. Kg2 Qf3+ 36. Kg1 Qd1+ 37. Kh2 {Diagram #} Bxg3+ 38. fxg3 Qe2+ 1/2-1/2

[Event "Mechanics' Fall TNM; 30/90, SD/30"]
[Site "San Francisco"]
[Date "2014.11.25"]
[Round "5.11"]
[White "Askin, David"]
[Black "McCarty-Snead, Callaghan"]
[Result "1-0"]
[WhiteElo "2007"]
[BlackElo "1920"]
[PlyCount "95"]
[EventDate "2014.??.??"]

1. d4 Nf6 2. Nf3 d6 3. Bf4 g6 4. e3 Bg7 5. h3 O-O 6. Be2 Nbd7 7. c3 c5 8. Nbd2
a6 9. a4 Re8 10. O-O cxd4 11. cxd4 e5 12. Bg5 h6 13. Bh4 e4 14. Ne1 d5 15. Qb3
Qa5 16. Qc3 Qb6 17. Nc2 Nf8 18. Nb3 Be6 19. a5 Qa7 20. Nc5 Rac8 21. Qb3 Re7 22.
Nb4 Rd8 23. Rfc1 g5 24. Bg3 Ng6 25. Na4 Nd7 26. Rc7 Nb8 27. Rac1 f5 28. Nb6
Rxc7 29. Rxc7 f4 30. Bh2 Nh4 31. Bg4 Bxg4 32. hxg4 fxe3 33. fxe3 Kh8 34. N4xd5
Nc6 35. Nc3 Nxd4 36. Qf7 Ndf3+ 37. gxf3 Nxf3+ 38. Kf2 Rg8 39. Bd6 Qb8 40. Rc8
Qxc8 41. Nxc8 Rxc8 42. Nxe4 Nh4 43. Nc5 Rd8 44. Qe7 Rc8 45. Ne6 Rc2+ 46. Kf1
Bxb2 47. Qf8+ Kh7 48. Qf7+ 1-0

[Event "Mechanics' Fall TNM; 30/90, SD/30"]
[Site "San Francisco"]
[Date "2014.11.04"]
[Round "3.11"]
[White "Askin, David"]
[Black "Poling, Scott"]
[Result "0-1"]
[WhiteElo "2007"]
[BlackElo "1728"]
[Annotator "Donaldson"]
[PlyCount "60"]
[EventDate "2014.??.??"]

1. e4 e6 2. d4 d5 3. Nc3 Nf6 4. Bg5 Bb4 5. e5 h6 6. Bd2 Bxc3 7. bxc3 Ne4 8. Qg4
g6 9. Bd3 Nxd2 10. Kxd2 c5 11. Nh3 $6 (11. h4) (11. Nf3) (11. Qf4) 11... Nc6
12. a3 $6 Qa5 13. dxc5 d4 14. Qe4 Qxc3+ 15. Ke2 Qxc5 16. f4 Ne7 17. Rhe1 Nd5
18. Kf1 Bd7 19. Qe2 Ne3+ 20. Kg1 Bc6 21. Nf2 Nxg2 22. Ne4 Bxe4 23. Qxe4 Nxe1
24. Qxb7 O-O 25. Rxe1 Rab8 26. Qg2 Kh8 27. Qh3 Kg7 28. Kf2 Qc3 29. Qg4 Rb2 30.
h4 Qxd3 0-1

[Event "Mechanics' Fall TNM; 30/90, SD/30"]
[Site "San Francisco"]
[Date "2014.12.09"]
[Round "7.4"]
[White "Askin, David"]
[Black "Shaw, Tenzing"]
[Result "0-1"]
[WhiteElo "2007"]
[BlackElo "2246"]
[PlyCount "90"]
[EventDate "2014.??.??"]

1. d4 f5 2. Nf3 Nf6 3. c4 g6 4. Nc3 Bg7 5. e3 O-O 6. Bd3 d6 7. O-O Qe8 8. d5
Na6 9. Nd4 c6 10. a3 e5 11. dxe6 Nc5 12. Qc2 Bxe6 13. Nxe6 Qxe6 14. b4 Nxd3 15.
Qxd3 Ng4 16. f4 Rad8 17. Bd2 Rfe8 18. Rae1 Nf6 19. Ne2 Ne4 20. Bc3 Nxc3 21.
Nxc3 d5 22. cxd5 cxd5 23. Nb5 Qb6 24. Nd4 {Diagram #} Rxe3 $1 25. Rxe3 Bxd4 26.
Rfe1 Re8 27. Kf2 Rxe3 28. Rxe3 Bxe3+ 29. Qxe3 Qxe3+ 30. Kxe3 Kf7 31. Kd4 Ke6
32. Kc3 h6 33. Kd3 g5 34. g3 b5 35. Kd4 g4 36. Kc5 d4 37. Kxd4 Kd6 38. Ke3 Kd5
39. Kd3 h5 40. Ke2 Ke4 41. Kd2 Kf3 42. Kd3 Kg2 43. Kd4 Kxh2 44. Ke5 Kxg3 45.
Kxf5 h4 0-1

[Event "Mechanics' Winter TNM; 30/90, SD/30"]
[Site "San Francisco"]
[Date "2014.02.11"]
[Round "6.23"]
[White "Askin, Michael"]
[Black "Agdamag, Samuel"]
[Result "1-0"]
[WhiteElo "1903"]
[BlackElo "1487"]
[PlyCount "67"]
[EventDate "2014.??.??"]

1. b3 e6 2. Bb2 Nf6 3. e3 Be7 4. g4 d6 5. Bg2 h6 6. h3 c6 7. Ne2 Bd7 8. Nbc3
Na6 9. Ng3 Qc7 10. a3 Rg8 11. O-O d5 12. d4 Bd6 13. Nce2 Bxg3 14. Nxg3 Qd6 15.
Qe2 Nc7 16. a4 O-O-O 17. Ba3 c5 18. Bxc5 Qa6 19. Qxa6 Nxa6 20. Bxa7 Nb4 21. Bb6
Rde8 22. c4 Kb8 23. Bc5 Na6 24. Bd6+ Nc7 25. cxd5 exd5 26. Rfc1 Rc8 27. Ne2 Bc6
28. b4 Rgd8 29. Bg3 Ne4 30. Bxe4 dxe4 31. b5 Bd5 32. b6 Bc6 33. bxc7+ Rxc7 34.
Rab1 1-0

[Event "Mechanics' Winter TNM; 30/90, SD/30"]
[Site "San Francisco"]
[Date "2014.02.25"]
[Round "8.13"]
[White "Askin, Michael"]
[Black "Bayaraa, Chinguun"]
[Result "1-0"]
[WhiteElo "1903"]
[BlackElo "1570"]
[PlyCount "91"]
[EventDate "2014.??.??"]

1. d4 d5 2. c4 e6 3. Nf3 Nf6 4. g3 Be7 5. Bg2 Nbd7 6. O-O c6 7. Qc2 O-O 8. Nbd2
dxc4 9. Qxc4 Nb6 10. Qc2 Nfd5 11. e4 Nc7 12. Rd1 Na6 13. Nb3 Qe8 14. Bf4 f6 15.
h3 Nd7 16. e5 f5 17. Bg5 Nb4 18. Qe2 Nd5 19. h4 h6 20. Bxe7 Qxe7 21. h5 Rd8 22.
Nh4 Nf8 23. Na5 Nb6 24. a3 Rb8 25. Rac1 Bd7 26. Bf3 Be8 27. Ng2 Nh7 28. Nf4 Ng5
29. Bg2 Rbc8 30. g4 fxg4 31. Qxg4 Rc7 32. Ng6 Qd7 33. f4 Nh7 34. Nxb7 Rxb7 35.
Bxc6 Qf7 36. Bxb7 Qxb7 37. Qxe6+ Bf7 38. Qc6 Qa6 39. Rd2 Qa5 40. Rd3 Qa6 41.
Rcd1 Bd5 42. Ne7+ Kf8 43. Nxd5 Rxd5 44. e6 Nf6 45. Re3 Nc8 46. Qxa6 1-0

[Event "Mechanics' SummerTNM; 30/90, SD/30"]
[Site "San Francisco"]
[Date "2014.07.08"]
[Round "7.3"]
[White "Askin, Michael"]
[Black "Fuentes, Romulo"]
[Result "0-1"]
[WhiteElo "1898"]
[BlackElo "2225"]
[PlyCount "88"]
[EventDate "2014.??.??"]

1. e4 c5 2. Nf3 e6 3. d4 cxd4 4. Nxd4 Nf6 5. Nc3 Bb4 6. Bd3 d6 7. O-O Nbd7 8.
Nb3 O-O 9. f4 Bxc3 10. bxc3 Qc7 11. Qe1 b6 12. Ba3 Re8 13. Qh4 Bb7 14. Rae1 e5
15. c4 a6 16. f5 b5 17. Nd2 Nb6 18. cxb5 axb5 19. Bc1 Rxa2 20. Rf3 Nbd7 21. Rg3
Kf8 22. Nf1 Ra1 23. Qg5 Ke7 24. Bd2 Rxe1 25. Bxe1 Rg8 26. Ne3 Bc6 27. Bb4 h5
28. Rh3 Ke8 29. Qh4 Nc5 30. Nd5 Bxd5 31. exd5 Nxd3 32. Rxd3 Qxc2 33. Ra3 Qc1+
34. Qe1 Qxe1+ 35. Bxe1 Ke7 36. Ra7+ Nd7 37. Bb4 Rc8 38. Ra6 Rc1+ 39. Kf2 Nc5
40. f6+ gxf6 41. Ra7+ Kf8 42. Ke3 Rc4 43. Ra8+ Kg7 44. Bd2 Rd4 0-1

[Event "Mechanics' Fall TNM; 30/90, SD/30"]
[Site "San Francisco"]
[Date "2014.11.04"]
[Round "3.6"]
[White "Askin, Michael"]
[Black "Goins, Demetrius"]
[Result "1-0"]
[WhiteElo "1964"]
[BlackElo "2159"]
[Annotator "Donaldson"]
[PlyCount "63"]
[EventDate "2014.??.??"]

1. d4 d5 2. c4 e6 3. Nf3 Nf6 4. g3 Be7 5. Bg2 O-O 6. O-O dxc4 7. Qc2 c5 (7...
a6) 8. Rd1 (8. dxc5 $1 Bxc5 9. Qxc4 $14) 8... Qb6 9. Na3 Nc6 (9... c3) 10. Nxc4
$16 Qa6 11. dxc5 Nb4 12. Qb3 Bxc5 13. Be3 Be7 14. Bg5 b5 15. Nce5 Nbd5 16. e4
Nb6 17. Nc6 Bc5 18. Nfd4 Bb7 19. Rac1 Nc4 20. e5 (20. Bxf6 gxf6 21. Nxb5 Bxc6
22. Nc7 Qb6 23. Qxb6 Bxb6 24. Nxa8 $18) 20... Nd5 21. Nxb5 Bxc6 22. Qxc4 Bxf2+
23. Kxf2 Bxb5 24. Qg4 Qb6+ 25. Rd4 Kh8 26. Bxd5 exd5 27. Be3 Qb7 28. Qh5 Bd7 $4
(28... Ba6 29. b3 $11 (29. Rh4 $4 Bd3 $19)) 29. Rh4 Qxb2+ 30. Kg1 h6 31. Bxh6
Qb6+ 32. Be3+ 1-0

[Event "Mechanics' Whitehead TNM; 30/90, SD/30"]
[Site "San Francisco"]
[Date "2014.09.02"]
[Round "5.5"]
[White "Askin, Michael"]
[Black "Goins, Demetrius"]
[Result "1-0"]
[WhiteElo "1913"]
[BlackElo "2159"]
[Annotator "Donaldson"]
[PlyCount "50"]
[EventDate "2014.??.??"]

1. d4 Nf6 2. c4 e6 3. Nf3 d5 4. g3 Be7 5. Bg2 O-O 6. O-O c6 7. Qc2 Nbd7 8. Nbd2
b6 9. e4 dxc4 10. Nxc4 Ba6 11. Rd1 Nxe4 $6 {Diagram #} (11... Bxc4 12. Qxc4
Nxe4 13. Qxc6 Ndf6 {was a better try with a very slight edge for White.}) 12.
Nfe5 $1 Nef6 $4 (12... f5 {was ugly but necessary.}) 13. Nxc6 Qe8 14. Nxe7+
Qxe7 15. Bxa8 Rxa8 16. Qa4 $1 Bb7 17. Qa3 $1 Qd8 18. Bf4 Nh5 19. Qd6 Nxf4 20.
Qxf4 Nf6 21. Qd6 Qc8 22. Rac1 Ne8 23. Qe7 Qc6 24. d5 exd5 25. Ne5 Qd6 1-0

[Event "Mechanics' SummerTNM; 30/90, SD/30"]
[Site "San Francisco"]
[Date "2014.06.17"]
[Round "4.17"]
[White "Askin, Michael"]
[Black "Gomboluudev, Enkhjin"]
[Result "1-0"]
[WhiteElo "1898"]
[BlackElo "1533"]
[Annotator "Donaldson"]
[PlyCount "81"]
[EventDate "2014.??.??"]

1. d4 d5 2. c4 c6 3. Nf3 Nf6 4. Qc2 e6 5. g3 Nbd7 6. Bg2 Be7 7. O-O O-O 8. Nbd2
Bd6 9. e4 e5 10. cxd5 cxd5 11. exd5 Nxd5 12. Ne4 Bc7 13. Bg5 f6 14. Qb3 N7b6
15. Be3 exd4 16. Nxd4 Kh8 17. Nb5 Nxe3 18. fxe3 Be5 19. Ned6 Qe7 (19... Bxd6
20. Rad1 $16) 20. Rfd1 Bg4 $1 21. Rd3 Be6 22. Qa3 Nc8 $2 (22... a6 $1 $17) 23.
Bxb7 Rb8 24. Bxc8 Bxc8 25. Qxa7 Qxa7 $2 (25... Bxd6 26. Rxd6 Rb7 $1 $19) 26.
Nxa7 Ba6 27. Rd2 Bxb2 28. Rb1 Bc3 29. Rxb8 Rxb8 30. Nf7+ Kg8 31. Rd8+ Rxd8 32.
Nxd8 Kf8 33. Ndc6 Ke8 34. Kf2 Kd7 35. Nd4 Bxd4 36. exd4 Kc7 37. a4 Kd6 $4 (
37... Kb6 38. Nb5 Bxb5 39. axb5 Kxb5 40. Ke3 Kc6 41. Ke4 Kd6 $11) 38. Ke3 Kd5
39. Nb5 f5 $2 40. Nc7+ Kd6 41. Nxa6 1-0

[Event "Mechanics' Whitehead TNM; 30/90, SD/30"]
[Site "San Francisco"]
[Date "2014.08.05"]
[Round "1.20"]
[White "Askin, Michael"]
[Black "Hood, Bryan"]
[Result "1-0"]
[WhiteElo "1913"]
[BlackElo "1258"]
[PlyCount "79"]
[EventDate "2014.??.??"]

1. Nf3 d5 2. g3 Nf6 3. Bg2 c5 4. O-O e6 5. d3 Bd6 6. Nbd2 O-O 7. e4 Nc6 8. Re1
dxe4 9. dxe4 e5 10. c3 b5 11. a4 Ba6 12. axb5 Bxb5 13. c4 a6 14. cxb5 axb5 15.
Rxa8 Qxa8 16. Nf1 Rd8 17. Bg5 Be7 18. Qc1 Nb4 19. Re3 Nd3 20. Qb1 c4 21. Ne1
Nxf2 22. Bxf6 Rd1 23. Qc2 Rxe1 24. Qxf2 Rxe3 25. Bxe7 Rb3 26. Bd6 f6 27. Qd2
Rd3 28. Qb4 Rb3 29. Qc5 Rxb2 30. Bh3 h6 31. Qd5+ Qxd5 32. exd5 c3 33. Be6+ Kh8
34. Bc5 Re2 35. d6 c2 36. Ba3 Re1 37. d7 Rd1 38. Kf2 b4 39. Bc1 g6 40. Nd2 1-0

[Event "Mechanics' Spring TNM; 30/90, SD/30"]
[Site "San Francisco"]
[Date "2014.04.22"]
[Round "6.11"]
[White "Askin, Michael"]
[Black "Lardent, Ranen"]
[Result "1-0"]
[WhiteElo "1903"]
[BlackElo "1798"]
[PlyCount "58"]
[EventDate "2014.??.??"]

1. Nf3 e6 2. c4 f5 3. Nc3 Nf6 4. g3 d6 5. d4 g6 6. Bg2 Bg7 7. O-O O-O 8. Qc2
Nc6 9. Rd1 Qe7 10. d5 Nd8 11. dxe6 Bxe6 12. Nd5 Bxd5 13. cxd5 Rc8 14. Be3 c5
15. dxc6 {e. p.} Nxc6 16. Qb3+ Kh8 17. Ng5 h6 18. Ne6 Rfe8 19. Nxg7 Kxg7 20. h3
g5 21. Rac1 Ne4 22. Bxe4 fxe4 23. Qd5 Rcd8 24. b4 Kg6 25. b5 Na5 26. Bxa7 Qe5
27. Qxe5 Rxe5 28. Bb6 Ra8 29. Rxd6+ Kg7 1-0

[Event "Mechanics' Winter TNM; 30/90, SD/30"]
[Site "San Francisco"]
[Date "2014.01.14"]
[Round "2.19"]
[White "Askin, Michael"]
[Black "McKellar, Daniel"]
[Result "1-0"]
[WhiteElo "1903"]
[BlackElo "1343"]
[PlyCount "63"]
[EventDate "2014.??.??"]

1. Nf3 e6 2. g3 d5 3. Bg2 Nf6 4. O-O c5 5. d3 Nc6 6. Nbd2 b6 7. e4 Be7 8. e5
Nd7 9. Re1 Qc7 10. Qe2 Bb7 11. Nf1 O-O 12. Bf4 Ba6 13. c4 dxc4 14. dxc4 Rad8
15. Rad1 Bb7 16. h4 Qc8 17. N1h2 f6 18. exf6 Nxf6 19. Bh3 Qa8 20. Bxe6+ Kh8 21.
Be5 Rxd1 22. Rxd1 h6 23. Bc3 Nd8 24. Bd5 Re8 25. Bxf6 gxf6 26. Qe3 Bxd5 27.
Qxh6+ Kg8 28. Qg6+ Kf8 29. Rxd5 Nf7 30. h5 Rd8 31. Rxd8+ Qxd8 32. h6 1-0

[Event "Mechanics' Spring TNM; 30/90, SD/30"]
[Site "San Francisco"]
[Date "2014.05.06"]
[Round "8.6"]
[White "Askin, Michael"]
[Black "Ochoa, Jason"]
[Result "1/2-1/2"]
[WhiteElo "1903"]
[BlackElo "1880"]
[PlyCount "61"]
[EventDate "2014.??.??"]

1. e4 c5 2. Nf3 g6 3. d4 Bg7 4. Nc3 Nc6 5. d5 Nd4 6. Nxd4 cxd4 7. Nb5 Nf6 8.
Qxd4 O-O 9. e5 Ne8 10. Bd2 d6 11. f4 Bd7 12. Qe3 Bxb5 13. Bxb5 Nc7 14. c4 Nxb5
15. cxb5 dxe5 16. Qb3 exf4 17. Bxf4 Qb6 18. O-O-O Rac8+ 19. Kb1 a6 20. Rhe1 Qf2
21. Bg3 Qf5+ 22. Qd3 Qd7 23. b6 Rc5 24. Bc7 Rb5 25. Rd2 a5 26. b3 a4 27. Rxe7
Qxe7 28. Qxb5 Qf6 29. bxa4 Qa1+ 30. Kc2 Qxa2+ 31. Kd3 1/2-1/2

[Event "Mechanics' Spring TNM; 30/90, SD/30"]
[Site "San Francisco"]
[Date "2014.03.18"]
[Round "1.16"]
[White "Askin, Michael"]
[Black "Poblete, Tyrone"]
[Result "1-0"]
[WhiteElo "1903"]
[BlackElo "1293"]
[PlyCount "51"]
[EventDate "2014.??.??"]

1. e4 d6 2. d4 c6 3. Nc3 d5 4. e5 Bf5 5. h4 e6 6. g4 Be4 7. f3 Bb4 8. fxe4 dxe4
9. Nge2 h5 10. g5 Nd7 11. a3 Ba5 12. b4 Bc7 13. Nxe4 Nb6 14. N2g3 Qd7 15. c4
Qe7 16. Be3 O-O-O 17. Qc2 f5 18. Nc5 Rf8 19. Bf4 Rd8 20. Ne2 Qe8 21. a4 Nd7 22.
Nb3 Ne7 23. Bg2 Ng6 24. a5 a6 25. b5 Nb8 26. b6 1-0

[Event "Mechanics' SummerTNM; 30/90, SD/30"]
[Site "San Francisco"]
[Date "2014.06.03"]
[Round "2.17"]
[White "Askin, Michael"]
[Black "Reyes, Robert"]
[Result "1-0"]
[WhiteElo "1898"]
[BlackElo "1383"]
[Annotator "Donaldson"]
[PlyCount "87"]
[EventDate "2014.??.??"]

1. e4 e6 2. d3 c5 3. Nf3 Nc6 4. g3 d5 5. Nbd2 Bd6 (5... Nf6 6. Bg2 Be7 7. O-O
O-O 8. e5 Nd7 9. Re1 b5 10. Nf1 b4 11. Bf4 a5 12. h4) 6. Bg2 Nf6 (6... Nge7 7.
O-O O-O) 7. O-O O-O 8. Re1 dxe4 (8... Qc7 9. Qe2) 9. dxe4 e5 10. Nc4 (10. c3
Qe7 11. Nc4 Bc7 12. Bg5 h6 13. Bxf6 Qxf6 14. Ne3 Be6 15. h4 Rad8 16. Qe2 Rfe8
17. Kh2 Rd7 18. Bh3 Red8 19. Bxe6 Qxe6 20. Nd5 Ne7 21. Nxe7+ Qxe7 22. Rad1 Rxd1
23. Rxd1 Rxd1 24. Qxd1 b6 (24... c4) 25. a4 g6 26. Nd2 Kg7 27. Nf1 Qd6 28. Qxd6
Bxd6 29. Ne3) 10... Bc7 11. Bg5 Be6 12. Qe2 Nd4 13. Nxd4 cxd4 (13... Qxd4 14.
Bxf6 gxf6 (14... Bxc4 15. Qg4 g6 16. Qg5) 15. Ne3) 14. f4 Bxc4 (14... exf4 $1
15. gxf4 (15. e5 fxg3 16. exf6 gxh2+ 17. Kh1 Re8) (15. Bxf4 Rc8) 15... h6 16.
Bh4 Bxf4) 15. Qxc4 Rc8 16. Bh3 Ba5 17. Qxc8 Qxc8 18. Bxc8 Rxc8 (18... Bxe1 19.
Bxb7) 19. Re2 Ng4 20. fxe5 Nxe5 21. Bf4 Nc4 22. Bc1 Ne3 23. Bxe3 dxe3 24. Kg2
Bd2 25. c3 Rc6 26. Rd1 g6 27. Rdxd2 exd2 28. Rxd2 Kg7 29. Rd7 Rb6 30. b3 Ra6
31. Rxb7 Rxa2+ 32. Kf3 Ra6 33. e5 Kf8 34. c4 Re6 35. Ke4 f6 36. Rxa7 Rxe5+ 37.
Kd4 h5 38. Ra2 Ke7 39. c5 Kd7 40. Rf2 Ke6 41. b4 Rd5+ 42. Kc4 Re5 43. Rd2 Re4+
44. Kb5 1-0

[Event "Mechanics' Fall TNM; 30/90, SD/30"]
[Site "San Francisco"]
[Date "2014.12.16"]
[Round "8.7"]
[White "Askin, Michael"]
[Black "Shakhnazarov, Oleg"]
[Result "1-0"]
[WhiteElo "1964"]
[BlackElo "2154"]
[Annotator "Donaldson"]
[PlyCount "59"]
[EventDate "2014.??.??"]

{Oleg Shaknazarov is noted for his attacking prowess, but in this game he gets
a dose of his own medicine. Michael Askin, who had a great Fall TNM, throws
all but the kitchen sink at his opponent.} 1. d4 d5 2. c4 e6 3. Nf3 Be7 4. g3
Nd7 5. Bg2 Ngf6 6. O-O c6 7. Qc2 O-O 8. Nbd2 h6 $6 (8... b6) 9. e4 dxe4 10.
Nxe4 Nxe4 11. Qxe4 Nf6 12. Qe2 Bd7 13. Rd1 a5 14. Ne5 Re8 15. Bf4 a4 16. Rac1
Qa5 17. h4 (17. c5 {
intending Nc4 and sticking a piece on d6 was a strong alternative.}) 17... Rad8
18. g4 Nh7 19. g5 g6 $2 (19... hxg5 20. Qh5 Rf8 (20... g6 21. Nxg6) 21. hxg5 {
with a rook lift to h3 soon to follow.}) 20. h5 Nxg5 21. hxg6 Rf8 22. Qh5 Be8
23. Qxh6 fxg6 24. Bxg5 Bxg5 25. Qxg5 Rf5 26. Qe7 Bf7 27. Qxb7 a3 28. Nxc6 Qa4
29. Nxd8 axb2 30. Qxb2 1-0

[Event "Mechanics' Winter TNM; 30/90, SD/30"]
[Site "San Francisco"]
[Date "2014.01.28"]
[Round "4.17"]
[White "Askin, Michael"]
[Black "Standen, Julian"]
[Result "0-1"]
[WhiteElo "1903"]
[BlackElo "1637"]
[Annotator "Donaldson"]
[PlyCount "54"]
[EventDate "2014.??.??"]

1. d4 d5 2. c4 c6 3. Nf3 Nf6 4. Nc3 dxc4 5. a4 Bf5 6. Ne5 e6 7. f3 Bb4 8. e4
Bg6 $6 9. Nxg6 $6 (9. Bxc4 $14) 9... hxg6 10. Bxc4 Qc7 11. e5 Nd5 12. Bd2 a5
13. O-O O-O 14. Ne4 Na6 15. Bxb4 Naxb4 16. Ra3 Rad8 17. f4 Rd7 18. Rh3 f6 19.
Nc5 Re7 20. Qg4 Kf7 21. Rg3 Ke8 22. Qxg6+ Kd8 23. Qg4 Qc8 24. Ne4 $4 (24. f5
$18) 24... f5 25. Nd6 fxg4 26. Nxc8 Kxc8 27. Rxg4 Ne3 0-1

[Event "Mechanics' Fall TNM; 30/90, SD/30"]
[Site "San Francisco"]
[Date "2014.10.28"]
[Round "2.4"]
[White "Askin, Michael"]
[Black "Thornally, Frank"]
[Result "1-0"]
[WhiteElo "1964"]
[BlackElo "2200"]
[Annotator "Donaldson"]
[PlyCount "85"]
[EventDate "2014.??.??"]

1. d4 d6 2. e4 Nf6 3. Nc3 g6 4. Be3 a6 5. Qd2 b5 6. Bd3 Bb7 7. f3 Nbd7 8. Qf2
Rc8 9. h4 c5 10. d5 h5 11. Nh3 Bg7 12. Qd2 Ne5 13. Be2 Qd7 14. Nf2 b4 15. Ncd1
e6 16. c4 bxc3 17. Nxc3 exd5 18. exd5 Rb8 19. O-O-O Qf5 20. f4 Neg4 21. Bd3 Qd7
22. Nxg4 Nxg4 23. f5 Nxe3 (23... O-O 24. fxg6 Bxd5 $1 {
was interesting with the point that} 25. Nxd5 Bxb2+ 26. Qxb2 Rxb2 27. Kxb2 {
is met by} Qb7+ {After the text the tide starts to turn.}) 24. Qxe3+ Kf8 25.
Qf3 Bh6+ 26. Kb1 Kg7 27. g4 hxg4 28. Qxg4 Bc8 29. Qg3 Re8 30. Ne4 Re5 31. fxg6
f6 32. Nxf6 Qb7 33. b3 Qb4 34. Rhf1 Qc3 35. Qf2 Rf5 36. Ne4 Qe5 37. Qb2 Qxb2+
38. Kxb2 Rb6 39. Rxf5 Bxf5 40. h5 Bf4 41. Nxc5 Bg4 42. Ne6+ Bxe6 43. dxe6 1-0

[Event "Mechanics' Whitehead TNM; 30/90, SD/30"]
[Site "San Francisco"]
[Date "2014.09.16"]
[Round "7.7"]
[White "Askin, Michael"]
[Black "Traub, Igor"]
[Result "1/2-1/2"]
[WhiteElo "1913"]
[BlackElo "2078"]
[Annotator "Donaldson"]
[PlyCount "49"]
[EventDate "2014.??.??"]

1. Nf3 Nf6 2. d4 d5 3. c4 e6 4. g3 Nbd7 5. Bg2 Bb4+ 6. Bd2 Bxd2+ 7. Qxd2 (7.
Nbxd2 O-O 8. O-O c6 9. Qc2 {aiming for e4 is another approach.}) 7... Ne4 8.
Qc2 O-O 9. cxd5 (9. O-O {seems more accurate. After} c6 10. Nc3 f5 {play transp
oses to a Dutch Stonewall that favors White because of the exchange of the
dark-squared bishops.}) 9... exd5 10. Nc3 Nxc3 11. bxc3 Nb6 12. O-O Re8 13. h4
(13. Rfe1 Nc4 14. e4 dxe4 15. Rxe4 Rxe4 16. Qxe4 Nd6 $11) 13... Nc4 14. Ng5 f5
15. e3 c6 16. a4 b6 17. Rfd1 Qd6 18. Qe2 Re7 19. Qh5 h6 20. Nh3 Bd7 (20... Nxe3
$6 21. fxe3 Qxg3 {is an interesting alternative to liven things up.}) 21. Qf3
Rf8 22. h5 g5 $2 {This weakens Black's pawn structure.} (22... Qf6 {was equal.}
) 23. hxg6 Qxg6 24. Nf4 Qd6 {White is clearly for choice here.} 25. Qe2 (25.
Bf1 {intending Bd3, Kg2 and Rh1 was a strong plan.}) 1/2-1/2

[Event "Mechanics' Spring TNM; 30/90, SD/30"]
[Site "San Francisco"]
[Date "2014.04.08"]
[Round "4.18"]
[White "Askin, Michael"]
[Black "Vichik, Adam"]
[Result "1/2-1/2"]
[WhiteElo "1903"]
[BlackElo "1482"]
[PlyCount "66"]
[EventDate "2014.??.??"]

1. e4 e6 2. d3 d5 3. Nd2 Nf6 4. Ngf3 b6 5. e5 Nfd7 6. g3 Bb7 7. Bg2 c5 8. O-O
Nc6 9. Re1 Qc7 10. Qe2 Rc8 11. Nf1 Be7 12. Bf4 Ba6 13. c4 dxc4 14. dxc4 O-O 15.
h4 Rcd8 16. Rad1 Rfe8 17. h5 Nf8 18. N1h2 Rxd1 19. Rxd1 Rd8 {Diagram #} 20. Rd6
$2 Bxd6 21. exd6 Rxd6 $1 22. Bxd6 Qxd6 23. h6 Ng6 24. Ng4 Nd4 25. Nxd4 Qxd4 26.
b3 Qa1+ 27. Kh2 Qd4 28. f4 Qd7 29. Qe4 f5 30. Qa8+ Kf7 31. hxg7 Kxg7 32. Ne3
Qe7 33. Qb8 h5 1/2-1/2

[Event "Mechanics' Fall TNM; 30/90, SD/30"]
[Site "San Francisco"]
[Date "2014.12.02"]
[Round "6.4"]
[White "Askin, Michael"]
[Black "Vickers, Keith"]
[Result "1-0"]
[WhiteElo "1964"]
[BlackElo "2200"]
[Annotator "Donaldson"]
[PlyCount "79"]
[EventDate "2014.??.??"]

1. e4 d6 2. d4 Nf6 3. Nc3 e5 4. Bg5 Be7 5. h3 O-O 6. Nf3 exd4 7. Qxd4 Nc6 8.
Qd2 Ne5 9. O-O-O Be6 10. Nd4 Bd7 11. f4 Nc6 12. Nf5 Bxf5 13. exf5 Re8 14. g4 h6
15. Bxf6 Bxf6 16. h4 Bxc3 17. Qxc3 Qe7 18. Rh3 Qe4 19. Qd2 Re7 (19... h5 $5 20.
Bd3 Qa4 21. Kb1 hxg4 22. Rg3 $16) 20. Bd3 Qa4 21. a3 Rae8 22. g5 Nd4 23. f6 Re2
24. Bxe2 Rxe2 25. Qd3 Rxc2+ 26. Kb1 c5 27. Re3 {Diagram #} Rc3 $5 {
A good practical try in a losing position.} 28. Re8+ (28. bxc3 $1 Qb3+ 29. Kc1
Qxa3+ 30. Kd2 Qa2+ 31. Ke1 Nc2+ 32. Kf1 $18 {calls Black's bluff.}) 28... Qxe8
29. Qxc3 (29. bxc3 $1 Ne6 30. f5) 29... Qe4+ 30. Qd3 $16 Qxf4 31. Rf1 Qxh4 32.
g6 Qh5 33. gxf7+ Qxf7 34. fxg7 Qxg7 $2 (34... Qe6 $1 35. Qg3 Qe4+ 36. Ka1 Nc2+
37. Ka2 Qc4+ 38. Qb3 Qxb3+ 39. Kxb3 Ne3 40. Rf6 d5 41. Rxh6 Kxg7 $11) 35. Qc4+
Kh8 36. Rf7 Qg6+ 37. Ka1 (37. Ka2 $1) 37... Qg1+ (37... b5 38. Qd5) 38. Ka2 Qg8
39. Qd5 Nc6 40. Qe6 1-0